[Event "North Sea Cup 20th"]
[Site "Esbjerg"]
[Date "2005.07.03"]
[Round "3"]
[White "Lindestrom, Torsten"]
[Black "Korsholm, Asbjorn"]
[Result "1-0"]
[WhiteElo "2246"]
[BlackElo "1986"]
[PlyCount "121"]
[EventDate "2005.07.02"]
[EventType "swiss"]
[EventRounds "9"]
[EventCountry "DEN"]
[SourceTitle "CBM 107 Extra"]
[Source "ChessBase"]
[SourceDate "2005.09.01"]
[SourceVersion "1"]
[SourceVersionDate "2005.09.01"]
[SourceQuality "1"]

1. d4 d5 2. c4 e6 3. Nf3 Be7 4. g3 Nf6 5. Bg2 Nbd7 6. Qc2 0-0 7. 0-0 a6 8. Rd1 dxc4 9. Qxc4 b5 10. Qc2 Bb7 11. Nc3 Rc8 12. a3 c5 13. dxc5 Bxc5 14. e3 Qc7 15. Bd2 Rfd8 16. Rac1 Nb6 17. Qb3 Nc4 18. Be1 h6 19. Rxd8+ Rxd8 20. Nxb5 axb5 21. Qxb5 Bd5 22. Rxc4 Bxc4 23. Qxc4 Bb6 24. Qxc7 Bxc7 25. Nd4 e5 26. Nb5 Rd1 27. Kf1 Bd8 28. Ke2 Rb1 29. Bc3 e4 30. Nd6 Nd5 31. Bxe4 Nxc3+ 32. bxc3 Ra1 33. Bd5 Bf6 34. c4 Rxa3 35. Nxf7 Kf8 36. Nd6 Ra2+ 37. Kf3 Bc3 38. Ne4 Be1 39. h3 Ke7 40. g4 Kd8 41. h4 Ke7 42. g5 hxg5 43. hxg5 Kd8 44. Kg2 Ke7 45. g6 Kf8 46. Kf1 Bb4 47. Ng5 Ke7 48. Ne4 Rc2 49. f4 Ba3 50. Ke1 Rh2 51. Kd1 Bb4 52. f5 Kf8 53. c5 Rh5 54. c6 Ba5 55. Be6 Rh4 56. Nc5 Ke7 57. Na6 Rh1+ 58. Kc2 Rh2+ 59. Kb3 Re2 60. Ka4 Bd8 61. c7 1-0

[Event "DEN-ch B7 Gr1 "]
[Site "Koge"]
[Date "2004.04.??"]
[Round "1"]
[White "Simonsen, Per"]
[Black "Korsholm, Asbjorn"]
[Result "0-1"]
[WhiteElo "1734"]
[BlackElo "1556"]
[PlyCount "124"]
[EventDate "2004.04.08"]
[EventType "swiss"]
[EventRounds "7"]
[EventCountry "DEN"]
[SourceTitle "EXT 2023"]
[Source "ChessBase"]
[SourceDate "2022.10.05"]
[SourceVersion "1"]
[SourceVersionDate "2022.10.05"]
[SourceQuality "1"]

1. d4 Nf6 2. c4 c5 3. d5 b5 4. cxb5 a6 5. bxa6 Bxa6 6. Nc3 d6 7. Nf3 g6 8. g3 Nbd7 9. Bh3 Bg7 10. 0-0 Nb6 11. Re1 0-0 12. e4 Nfd7 13. Qc2 Nc4 14. b3 Qa5 15. bxc4 Qxc3 16. Qxc3 Bxc3 17. Bxd7 Bxa1 18. Bg5 Bf6 19. Bxf6 exf6 20. Rc1 Ra7 21. Bc6 Bb7 22. Bxb7 Rxb7 23. Rc2 Ra8 24. Kf1 Rb1+ 25. Ke2 Ra1 26. Nd2 R8xa2 27. Rxa2 Rxa2 28. h4 Kg7 29. Kd3 h5 30. Ke3 Ra3+ 31. Ke2 Rc3 32. Kd1 Kf8 33. Ke2 Ke7 34. Kd1 g5 35. Ke2 Kd7 36. f3 Kc7 37. Kf2 Kb6 38. Ke2 Rc1 39. f4 g4 40. Kf2 Rc2 41. Ke2 Rc3 42. Kf2 Rd3 43. Nf1 Rf3+ 44. Ke2 Kc7 45. Ke1 Rc3 46. Kd2 Rxc4 47. Kd3 Rd4+ 48. Ke3 Ra4 49. Nd2 Ra3+ 50. Kf2 Rd3 51. Nf1 c4 52. Ke2 Kb6 53. Ne3 Kc5 54. Nf5 Rf3 55. Ng7 Rxg3 56. Nxh5 Rg2+ 57. Kd1 Rh2 58. Nxf6 g3 59. Ke1 Rxh4 60. e5 Rxf4 61. e6 fxe6 62. Nd7+ Kxd5 0-1